000 00458nam a22001577a 4500
999 _c80274
_d80274
008 201203b ||||| |||| 00| 0 eng d
040 _dSTAFF
041 _apol
041 _aengl
041 _ager
245 _aWojewodztwo lubuskie =
_bThe voivodeship of Lubuskie. Lubuskie Wojewodschaft /
_cJaroslaw Skrzypczak ; Piotr Wisniewski
260 _aBydgosz Pl.:
_b[Abedik],
_c2009
300 _a119 S.
_büberw. Ill.
500 _aFotobildband
942 _2z
_cB